000 00491ntaaa2200181 4500
003 01
005 20251027201858.0
008 0714s1973 ag 01
040 _aAR-BaBN
_bspa
_cAR-BaBN
_eaacr
_dRIC
082 _a230.2000 J56
100 _aJimenez Duque, Baldomero
_917247
245 _aTeología de la mística
250 _a1 ed. :
_bBiblioteca de Autores Cristianos,
_cc/963
300 _axvi, 510 p.
650 _aTeología-Catolicismo
_95265
650 _aMística
_917248
942 _cBK
999 _c13456
_d13456